BAJKI DISNEYA - Statystyki

Ogólne statystyki
  • Ten quiz został rozwiązany 870 razy
    610 od ostatniego zresetowania
  • Średni wynik to 3 z 7
Statystyki odpowiedzi
Odpowiedź % Poprawnych
KOPCIUSZEK
66%
PIĘKNA I BESTIA
49%
KRÓLEWNA ŚNIEŻKA
48%
KRÓL LEW
45%
MYSZKA MIKI
44%
KRAINA LODU
43%
AUTA
20%
Nie znaleziono quizów pasujących do podanych kryteriów
Rozkład punktacji
Procent ludzi z każdym wynikiem
Percentyl według liczby udzielonych odpowiedzi
Twoja historia wyników
Nie rozwiązałeś tego quizu od ostatniego zresetowania